New directions for mental health services (Record no. 16162)
[ view plain ]
| 000 -LEADER | |
|---|---|
| fixed length control field | 00400cas a2200145 a 4500 |
| 022 0# - INTERNATIONAL STANDARD SERIAL NUMBER | |
| ISSN | 0193-9416 |
| 040 ## - CATALOGING SOURCE | |
| Transcribing agency | NLM |
| 082 00 - DEWEY DECIMAL CLASSIFICATION NUMBER | |
| Classification number | 616 JOS 1986 A105 Or. |
| 245 00 - TITLE STATEMENT | |
| Title | New directions for mental health services |
| 260 ## - PUBLICATION, DISTRIBUTION, ETC. (IMPRINT) | |
| Place of publication | San Francisco : |
| Name of publisher | Jossey-Bass, Inc., |
| 300 ## - PHYSICAL DESCRIPTION | |
| Number of Pages | v. : |
| Other physical details | ill. ; |
| Dimensions | 23 cm |
| 500 ## - GENERAL NOTE | |
| General note | Description based on: No. 24 (Dec. 1984) |
| 650 #0 - SUBJECT ADDED ENTRY--TOPICAL TERM | |
| Topical Term | Mental health services |
| 942 ## - ADDED ENTRY ELEMENTS (KOHA) | |
| Koha item type | សៀវភៅភាសាអង់គ្លេស |
| 952 ## - LOCATION AND ITEM INFORMATION (KOHA) | |
| Withdrawn status [LOCAL, KOHA] | 0 |
| Permanent Location | Date acquired | Koha item type | Lost status | Shelving location | Barcode | Current Location | Full call number |
|---|---|---|---|---|---|---|---|
| Library Block A | 2018-01-17 | សៀវភៅភាសាអង់គ្លេស | A105 | A22823 | Library Block A | 616 JOS 1986 A105 Or. |